Online katalóg knižníc regiónu Turca

Žena je šťastie (Record no. 22273)

MARC details
000 -LEADER
fixed length control field 01626cam a2200421 a 4500
001 - CONTROL NUMBER
control field 22273
003 - CONTROL NUMBER IDENTIFIER
control field VRT
005 - DATE AND TIME OF LATEST TRANSACTION
control field 20260324155743.0
008 - FIXED-LENGTH DATA ELEMENTS--GENERAL INFORMATION
fixed length control field 240226s1993 xo g 000 f slo
015 ## - NATIONAL BIBLIOGRAPHY NUMBER
National bibliography number SNBA1994/01
020 ## - INTERNATIONAL STANDARD BOOK NUMBER
International Standard Book Number 8070942312
Qualifying information (viazané)
035 ## - SYSTEM CONTROL NUMBER
System control number SNK000016472
039 #9 - LEVEL OF BIBLIOGRAPHIC CONTROL AND CODING DETAIL [OBSOLETE]
Level of rules in bibliographic description 202402262013
Level of effort used to assign nonsubject heading access points VLOAD
Level of effort used to assign subject headings 202311211901
Level of effort used to assign classification VLOAD
Level of effort used to assign subject headings 202305031022
Level of effort used to assign classification msnk115
Level of effort used to assign subject headings 202305031005
Level of effort used to assign classification msnk115
040 ## - CATALOGING SOURCE
Original cataloging agency SNK
Language of cataloging slo
Transcribing agency SNK
Description conventions AACR2
041 1# - LANGUAGE CODE
Language code of text/sound track or separate title slo
Language code of original eng
044 ## - COUNTRY OF PUBLISHING/PRODUCING ENTITY CODE
MARC country code xo
ISO country code SK
072 #7 - SUBJECT CATEGORY CODE
Subject category code 821.111-3
Subject category code subdivision Anglická próza, anglicky písaná
Source konspekt
080 ## - UNIVERSAL DECIMAL CLASSIFICATION NUMBER
Universal Decimal Classification number 821.111-31
Edition identifier 2011
100 1# - MAIN ENTRY--PERSONAL NAME
Personal name Adler, Elizabeth,
Dates associated with a name 1950-
Relationship aut
240 10 - UNIFORM TITLE
Uniform title Fortune is a Woman
Language of a work Slovensky
245 10 - TITLE STATEMENT
Title Žena je šťastie
Statement of responsibility, etc. Elizabeth Adler ; preložila Anna Rácová
246 1# - VARYING FORM OF TITLE
Display text Obálkový podnázov:
Title proper/short title Príbeh o láske, nenávisti a vzrušujúcom živote Číňana, ktorý bol ženou
250 ## - EDITION STATEMENT
Edition statement 1. vydanie
260 ## - PUBLICATION, DISTRIBUTION, ETC.
Place of publication, distribution, etc. Bratislava
Name of publisher, distributor, etc. Práca, spol. s r.o.
Date of publication, distribution, etc. 1993
Place of manufacture Trnava
Manufacturer Polygrafické závody
300 ## - PHYSICAL DESCRIPTION
Extent 488 strán
Dimensions 20 cm
490 1# - SERIES STATEMENT
Series statement Triumf
Volume/sequential designation zv. 8/93
655 #7 - INDEX TERM--GENRE/FORM
Genre/form data or focus term anglické romány
Source of term SNKPH
655 #7 - INDEX TERM--GENRE/FORM
Genre/form data or focus term English fiction
Source of term SNKPHeng
700 1# - ADDED ENTRY--PERSONAL NAME
Personal name Rácová, Anna,
Dates associated with a name 1946-
Relationship trl
830 #0 - SERIES ADDED ENTRY--UNIFORM TITLE
Uniform title Triumf
910 ## - USER-OPTION DATA (OCLC)
User-option data snk
942 ## - ADDED ENTRY ELEMENTS (KOHA)
Source of classification or shelving scheme Dewey Decimal Classification
Koha item type Krásna literatúra pre dospelých
Suppress in OPAC No
949 ## - LOCAL PROCESSING INFORMATION (OCLC)
6 17A0016353
9 P60, <05>, [BOOK], {605}
a snkSC 84902 D1
949 ## - LOCAL PROCESSING INFORMATION (OCLC)
6 270001000022185
a svkbbA 85068
b svkbbm 582210
p 582.210
949 ## - LOCAL PROCESSING INFORMATION (OCLC)
6 17A0996679
a snkSC 84902
b snkKSP 69/94
s 6100:20221206
949 ## - LOCAL PROCESSING INFORMATION (OCLC)
6 3869A07514
a bpksh821.111(73)-31
b bpksh55524
949 ## - LOCAL PROCESSING INFORMATION (OCLC)
6 273K0197386
a svkpoA 161786
b svkpo398872
o PV 1648/94Poškodená väzba
q Poškodená väzba
r Poškodená väzba
Holdings
Stav vyradenia Strata Poškodenie Spôsob nadobudnutia Domovská knižnica Aktuálna knižnica Dátum nadobudnutia Total checkouts Čiarový kód exemplára Date last seen Typ exemplára
      Dar Obecná knižnica Horná Štubňa Obecná knižnica Horná Štubňa 24.03.2026   4736201934 24.03.2026 Krásna literatúra pre dospelých
Projekt je podporený Slovenskou asociáciou knižníc
Prevádzkuje Turčianska knižnica Martin 2026